000 00663nam a22002177a 4500
003 BCEG
005 20260306122022.0
008 260306s2003 mx|||||| |||| 00| 0 spa d
020 _a9706478361
040 _aBCEG
_bspa
_cBCEG
082 0 4 _a462
_bM425c
100 _aMateos Muñoz, Agustín,
_d1908-1997.
245 1 0 _aCompendio de etimologías grecolatinas del español.
246 1 3 _aCompendio de etimologías grecolatinas del español
_b: desarrollo de los programas oficiales.
260 _aMéxico :
_bEsfinge,
_c2003.
300 _a408 p.
541 _aDonación.
650 1 4 _aEspañol
_vEtimología.
650 1 4 _aEspañol
_vSemántica.
942 _cBK
999 _c437091
_d437091